1 & 2 Peter / Douglas Harink
Record details
- ISBN: 978-1-58743-097-8 (váz.)
- Physical Description: 203 s. ; 24 cm
- Publisher: Grand Rapids, Michigan : BrazosPress, c2009
Content descriptions
| Bibliography, etc. Note: | Obsahuje bibliografii, bibliografické odkazy a rejstříky |
Search for related items by subject
| Subject: | Bible. N.Z. List Petrův, 1. Bible. N.Z. List Petrův, 2. biblická exegeze biblická interpretace |
| Genre: | komentáře |
Search for related items by series
Available copies
- 1 of 1 copy available at Common Catalog SPOK.
Holds
- 0 current holds with 1 total copy.
Show All Copies
| Location | Call Number / Copy Notes | Barcode | Shelving Location | Status | Due Date |
|---|---|---|---|---|---|
| Jabok Library | NZ-3.4 | 424480030552 | Odborná literatura | Available | - |
| LDR | 01267nam a22003617a 4500 | ||
|---|---|---|---|
| 001 | 17892 | ||
| 003 | CZ-PrJAB | ||
| 005 | 20130926122819.0 | ||
| 007 | ta | ||
| 008 | 130129s2009 xxu |||| ||eng|| | ||
| 020 | . | ‡a978-1-58743-097-8 (váz.) ‡z1-58743-097-5 (váz.) | |
| 035 | . | ‡a(CONS)17892 | |
| 035 | . | ‡a(CZ PrSKC)000204517 | |
| 040 | . | ‡aCBD005 ‡bcze ‡eAACR2 ‡91 | |
| 072 | 7. | ‡a2-23/-27 ‡xBible. Biblistika ‡2Konspekt ‡95 | |
| 080 | . | ‡a27-277.2 ‡2MRF | |
| 080 | . | ‡a27-277 ‡2MRF | |
| 080 | . | ‡a(0.072) ‡2MRF | |
| 100 | 1 | . | ‡aHarink, Douglas Karel, ‡d1953- ‡7jcu2013744426 ‡4aut |
| 245 | 1 | 0. | ‡a1 & 2 Peter / ‡cDouglas Harink |
| 246 | 3 | . | ‡a1 and 2 Peter |
| 246 | 3 | . | ‡aFirst and Second Peter |
| 260 | . | ‡aGrand Rapids, Michigan : ‡bBrazosPress, ‡cc2009 | |
| 300 | . | ‡a203 s. ; ‡c24 cm | |
| 490 | 1 | . | ‡aBrazos Theological Commentary on the Bible |
| 504 | . | ‡aObsahuje bibliografii, bibliografické odkazy a rejstříky | |
| 630 | 0 | 7. | ‡aBible. ‡pN.Z. ‡pList Petrův, 1. ‡7unn2006374696 ‡2czenas |
| 630 | 0 | 7. | ‡aBible. ‡pN.Z. ‡pList Petrův, 2. ‡7unn2006374697 ‡2czenas |
| 650 | 0 | 7. | ‡abiblická exegeze ‡7ph118844 ‡2czenas |
| 650 | 0 | 7. | ‡abiblická interpretace ‡7ph118847 ‡2czenas |
| 655 | 7. | ‡akomentáře ‡7fd132578 ‡2czenas | |
| 830 | 0. | ‡aBrazos Theological Commentary on the Bible | |
| 910 | . | ‡aABG312 | |
| 901 | . | ‡a17892 ‡b ‡c17892 ‡tbiblio | |